Roser Bru. De la vida breve: pintura y gráfica 2002-2004
Gespeichert in:
| Format: | Buch |
|---|---|
| Sprache: | Spanisch |
| Veröffentlicht: |
Santiago
Galeria Animal
2004
|
| Ausgabe: | 1a. ed |
| Schlagworte: | |
| Tags: |
Tag hinzufügen
Keine Tags, Fügen Sie den ersten Tag hinzu!
|
MARC
| LEADER | 00000cam a2200000 a 4500 | ||
|---|---|---|---|
| 001 | UCD5794 | ||
| 003 | CL-VaPUC | ||
| 008 | 161007e20040000cl |||||||||||||||||spa|d | ||
| 082 | 0 | 4 | |a 759.946 |b ROS |2 21 |
| 245 | 1 | 0 | |a Roser Bru. De la vida breve: pintura y gráfica 2002-2004 |
| 250 | |a 1a. ed | ||
| 300 | |a pág. irreg | ||
| 942 | |c BK | ||
| 945 | |d 20161007 09:49:00 |a arojas | ||
| 260 | |a Santiago |b Galeria Animal |c 2004 | ||
| 650 | 0 | |a Pintura española |9 315217 | |
| 650 | 0 | |a Pintores españoles siglo 20 |9 368306 | |
| 650 | 7 | |a GALERIAS DE ARTE |2 CL-VaPUC |9 589552 | |
| 650 | 0 | |a Exposiciones |9 265884 | |
| 583 | |a last modification |c 20161027 11:05:14 |k Rodrigo Vera | ||
| 999 | |c 366346 |d 366344 | ||
| 952 | |0 0 |1 0 |3 erb |4 0 |6 759_946000000000000_ROS_2004 |7 0 |8 R |9 480532 |a BIBART |b BIBART |i 5344298 |l 7 |o 759.946 ROS 2004 |p 5344298 |r 2025-03-13 |s 2022-06-20 |w 2019-11-24 |y BK_R |z Catalogado en:20161007 |k ART | ||